Potrestaná pýcha /

Hlavní autor: Němcová, Božena, 1820-1862
Další autoři: Mikulová, Milada, 1926-
Jazyk: Čeština
Vydáno: Praha : Albatros, 1981
Vydání: 1. vyd.
Edice: Korálky (Albatros)
Externí odkaz: Digitalizovaný dokument
Fyzický popis: 31 s.
Knihy
Uloženo v:
LEADER 01139nam a22003012a 4500
001 000199342
003 CZ BrMZK
005 20110805085041.0
007 ta
008 970107s1981 xr a f cze d
015 |a cnb000394768 
035 |a (OCoLC)40083817 
040 |a BOA001  |b cze 
080 9 |a 885.0-93 
100 1 |a Němcová, Božena,  |d 1820-1862  |7 jk01083016  |4 aut 
245 1 0 |a Potrestaná pýcha /  |c Božena Němcová ; ilustrace Milada Mikulová 
250 |a 1. vyd. 
260 |a Praha :  |b Albatros,  |c 1981 
300 |a 31 s. 
490 1 |a Korálky ;  |v sv. 122 
500 |a Dostupné též v digitální podobě v aplikaci Kramerius 
700 1 |a Mikulová, Milada,  |d 1926-  |7 jk01081652  |4 ill 
830 0 |a Korálky (Albatros)  |0 s 
856 4 1 |u http://www.digitalniknihovna.cz/mzk/uuid/uuid:46b90750-73ee-11e5-9690-005056827e51  |y Digitalizovaný dokument  |x NDK 
910 |a BOA001  |b PK-0090.274  |b 2-0829.457 
990 |a BK 
996 7 |b 2619397989  |c 2-0829.457  |l MZK  |r Sklad / do 1 hodiny  |n 0  |w 000199342  |u 000020  |a 1  |e BOA001  |j MZK50  |s A 
996 7 |b 3119930544  |c PK-0090.274  |l MZK  |r Sklad / do 1 hodiny  |n 0  |w 000199342  |u 000010  |a 1  |e BOA001  |j MZK50  |s A